Role of Local Government in the Governance of Sustainable Tourism in Finland

Úloha miestnej samosprávy pri riadení trvalo udržateľného cestovného ruchu na príklade Fínska. Uľahčovanie či brzdenie trvalo udržateľného rozvoja cestovného ruchu a vnímanie predmetnej témy u rôznych subjektov v cestovnom ruchu. Hlavné úlohy miestnej samosprávy pri riadení trvalo udržateľného cesto...

Ausführliche Beschreibung

Gespeichert in:
Bibliographische Detailangaben
1. Verfasser: Renfors, Sanna-Mari
Format: Buchkapitel
Sprache:Englisch
Schlagworte:
Tags: Tag hinzufügen
Keine Tags, Fügen Sie das erste Tag hinzu!

MARC

LEADER 00000naa a2200000 4500
001 0273456
005 20240425123200.8
041 0 |a eng 
044 |a CZ 
245 1 0 |a Role of Local Government in the Governance of Sustainable Tourism in Finland  |c Sanna-Mari Renfors 
520 |a Úloha miestnej samosprávy pri riadení trvalo udržateľného cestovného ruchu na príklade Fínska. Uľahčovanie či brzdenie trvalo udržateľného rozvoja cestovného ruchu a vnímanie predmetnej témy u rôznych subjektov v cestovnom ruchu. Hlavné úlohy miestnej samosprávy pri riadení trvalo udržateľného cestovného ruchu z pohľadu zainteresovaných strán: územné plánovanie a správa, zabezpečenie infraštruktúry a podpora miestneho ekonomického rozvoja. Témy spôsobujúce konflikty a formujúce diskusiu: odlišné ciele a nedostatok koordinácie. Spoločná tvorba inkluzívnych politík ako cesta pre dosiahnutie a implementáciu cieľov trvalo udržateľného rozvoja cestovného ruchu. 
610 2 0 |a ruch cestovný 
610 2 0 |a politika ruchu cestovného 
610 2 0 |a rozvoj trvalo udržateľný 
610 2 0 |a ruch cestovný udržateľný 
610 2 0 |a samospráva miestna 
610 2 0 |a riadenie regionálne 
610 2 0 |a podnik ruchu cestovného 
610 2 0 |a Fínsko 
100 1 |a Renfors, Sanna-Mari